000 01273nam a22002537a 4500
999 _c56890
_d56890
003 Ge_BSU
005 20190610183845.0
008 190610b2016 ||||| |||| 00| 0 geo d
020 _a9789941135200
041 _ageo
080 _a27-789.9 ხ-89
100 _aხუბაშვილი, ია (ლეილა)
_92342
245 _aიეზუიტების ორდენი = Society of jesus = La compagnia di gesu /
_cია (ლეილა) ხუბაშვილი ; რედ : მურმან პაპაშვილი.
250 _aმე-2 გადამუშავებული გამოცემა.
264 _aთბილისი :
_bთბილ. უნ-ტის გამ-ბა,
_c 2016.
300 _a430 გვ. ;
_c20 სმ.
500 _aსაძიებელი: გვ. 407-423
504 _aბიბლიოგრ.: გვ. 402-406
520 _aდამატებითი სატიტულო გვერდი და რეზიუმე ინგლ. და იტალ. ენებზე
653 _aიეზუიტების ორდენი
653 _aრელიგია
700 _aპაპაშვილი. მურმან.
_92032
942 _2udc
_cBK